00489 2200169 4500245011600000020002200116250000900138100002700147700001400174650001400188005001900202260003800221041001400259084001000273490002700283336000900310 aPanduan Lolos Tes CPNS b : 10 Kementerian dan Pemerintah Daerah Tiingkat I & IIcEfriwandi, S.Si., M.SihText a978-979-29-6895-8 a2018 aEfriwandi, S.Si., M.Si aA. Ria PU aSoal CPNS a20240906130027 aYogyakartabC.V Andi Offsetc2018 aIndonesia a371.3 aviii + 312 hlm ; 25 cm atext